000
00496nam a2200145Ia 4500
008
090122s9999 xx 000 0 und d
082
_b
4091
_a
920.71
100
_a
कोल्हापुरे
_b
पंढरीनाथ
245
_a
गानयोगी शिवपुञ
600
_a
कोल्हापुरे
630
_a
गानयोगी शिवपुञ
700
_a
कोल्हापुरे
730
_a
गानयोगी शिवपुञ
942
_c
BOOK
999
_c
28169
_d
28169